000 00432nam a2200181Ia 4500
001 23805
005 20260414151002.0
008 260414t1975||||xx |||||||||||||| ||spa||
041 _aESP
082 _a709.85
_bS12
100 _aSabogal, José
_eAUT
245 0 _aDel arte en el Perú :
_by otros ensayos
260 _c1975
300 _a159 páginas :
_c17 cm.
650 _aABD
654 _aCAU
942 _cLIB
_dJUS
_fJUS
_2ddc
_n
999 _c23805
_d23805